000 00755cam a2200277 a 4500
001 16447786
005 20171222070845.0
008 100907s2011 maua b 001 0 eng d
010 _a 2010936408
020 _a0312624298
020 _a9780312624293
035 _a(OCoLC)ocn709923721
040 _aICO
_cICO
_dDLC
041 _aeng
042 _alccopycat
043 _an-us---
080 _a37JAM
082 _a37JAM
100 1 _a46
101 _aEDU
245 1 0 _aActing out culture :
_cJames S. Miller.
504 _aIncludes bibliographical references and index.
906 _a7
_bcbc
_ccopycat
_d2
_eepcn
_f20
_gy-gencatlg
942 _2ddc
_cBK
999 _c39334
_d39334